| 000 | 00658nam a2200229Ia 4500 | ||
|---|---|---|---|
| 003 | OSt | ||
| 005 | 20221007070739.0 | ||
| 006 | a|||||r|||| 00| 0 | ||
| 007 | ta | ||
| 008 | 221006b |||||||| |||| 00| 0 eng d | ||
| 024 | _a45,950 | ||
| 037 | _cTextual | ||
| 040 |
_aFLL _cFLL _beng |
||
| 041 |
_2eng _aeng |
||
| 082 | _aW:5, Q5 | ||
| 100 | _aSINHA Manoj Kumar | ||
| 245 | 0 |
_aEnforcement of economic, social and cultural rights _b National and international perspectives |
|
| 260 |
_aHaryana _bLexis Nexis India _c2015 |
||
| 300 |
_axiv,217p. _ccm. |
||
| 942 |
_hW:5, Q5 _cTEXL _2CC |
||
| 999 |
_c1141417 _d1141417 |
||